| 000 | 004970000a22001930004500 | ||
|---|---|---|---|
| 003 | LK-CoMWRAF | ||
| 008 | 230817t ||||| |||| 00| 0 eng d | ||
| 040 |
_aLK-CoMWRAF _dLK-CoMWRAF _eLK-CoMWRAF |
||
| 041 | _aeng | ||
| 082 |
_a330 _bNGO |
||
| 245 |
_aNGO Shadow Report to CEDAW South Africa _b |
||
| 260 |
_aSouth Africa _bMASIMANYANE _c1998 |
||
| 300 | _ap.19 | ||
| 650 | _ashadow report | ||
| 650 | _aviolence against women | ||
| 650 | _awomen | ||
| 650 | _awomen-South Africa | ||
| 942 | _cBK | ||
| 999 |
_c3131 _d3131 |
||